000 00918pam a2200301 a 4500
001 4278740
005 20250221192801.0
008 860103s1986 nyua b 001 0 eng c
020 _a0913690112
050 1 0 _aRD593
_b.M43 1986
082 0 0 _a617/.481044
_219
245 0 0 _aMechanisms of head and spine trauma /
_cedited by Anthony Sances, Jr. ... [et al.].
260 _aGoshen, N.Y. :
_bAloray,
_cc1986.
300 _axviii, 746 p :
_bill. ;
_c24 cm.
650 0 _aBrain
_xWounds and injuries.
650 0 _aSpinal cord
_xWounds and injuries.
650 0 _aHead
_xWounds and injuries.
650 0 _aSpine
_xWounds and injuries.
650 0 _aHuman mechanics.
650 2 _aBiomechanics.
650 2 _aBrain Injuries.
650 2 _aHead Injuries.
650 2 _aNeck
_xinjuries.
650 2 _aSpinal Cord Injuries.
650 2 _aSpinal Injuries.
700 1 _aSances, Anthony,
_d1932-
942 _2lcc
_cBK
_n0
999 _c4065
_d4065